[Event "Medellin Castro Memorial"]
[Site "Medellin"]
[Date "2015.04.30"]
[Round "1"]
[White "Vargas Arteaga, Alexis"]
[Black "Zapata Jaramillo, William"]
[Result "1-0"]
[WhiteElo "2320"]
[BlackElo "1847"]
[PlyCount "44"]
[EventDate "2015.04.30"]
[EventType "swiss"]
[EventRounds "7"]
[EventCountry "COL"]
[SourceTitle "CBM 166 Extra"]
[Source "ChessBase"]
[SourceDate "2015.06.18"]
[SourceVersion "1"]
[SourceVersionDate "2015.06.18"]
[SourceQuality "1"]

1. d4 d5 2. c4 e6 3. Nc3 Nf6 4. cxd5 exd5 5. Bg5 Be7 6. Qc2 c6 7. e3 Nbd7 8. Bd3 Nf8 9. Nge2 Ne6 10. Bxf6 Bxf6 11. b4 g6 12. 0-0 Qe7 13. Rfb1 a6 14. a4 0-0 15. b5 axb5 16. axb5 Bd7 17. Na4 Rac8 18. Nb6 Rc7 19. bxc6 bxc6 20. Rc1 Rd8 21. Nc3 Qd6 22. Be2 Bg7 1-0

[Event "Medellin Region IRT op"]
[Site "Medellin"]
[Date "2013.05.16"]
[Round "1"]
[White "Zapata Cuartas, Juan Carlos"]
[Black "Zapata Jaramillo, William"]
[Result "1/2-1/2"]
[WhiteElo "2115"]
[BlackElo "1841"]
[PlyCount "29"]
[EventDate "2013.05.16"]
[EventType "swiss"]
[EventRounds "7"]
[EventCountry "COL"]
[SourceTitle "CBM 154 Extra"]
[Source "ChessBase"]
[SourceDate "2013.06.25"]
[SourceVersion "2"]
[SourceVersionDate "2013.06.25"]
[SourceQuality "1"]

1. d4 d5 2. c4 c6 3. Nf3 Nf6 4. Nc3 e6 5. Bg5 Be7 6. e3 Nbd7 7. Rc1 Ne4 8. Bxe7 Nxc3 9. Rxc3 Qxe7 10. Bd3 Nb6 11. c5 Nd7 12. 0-0 e5 13. e4 dxe4 14. Bxe4 0-0 15. Qd3 1/2-1/2

[Event "Medellin Region U2000"]
[Site "Medellin"]
[Date "2012.03.27"]
[Round "6.3"]
[White "Zapata Jaramillo, William"]
[Black "Salcedo Perez, Pablo Esteban"]
[Result "0-1"]
[WhiteElo "1874"]
[BlackElo "1758"]
[PlyCount "70"]
[EventDate "2012.03.12"]
[EventType "swiss"]
[EventRounds "6"]
[EventCountry "COL"]
[SourceTitle "EXT 2024"]
[Source "ChessBase"]
[SourceDate "2023.10.10"]
[SourceVersion "1"]
[SourceVersionDate "2023.10.10"]
[SourceQuality "1"]

1. e4 c5 2. Nf3 Nc6 3. c4 d6 4. Nc3 Nf6 5. Be2 e6 6. d4 cxd4 7. Nxd4 Be7 8. 0-0 0-0 9. Be3 a6 10. Qd2 Qc7 11. Rac1 Rd8 12. f4 Nxd4 13. Bxd4 b6 14. Bf3 e5 15. Be3 Bb7 16. Qf2 Rdc8 17. b3 Nd7 18. Bg4 Rf8 19. Bxd7 Qxd7 20. Bxb6 exf4 21. Qxf4 Rab8 22. Bd4 h6 23. Rf3 Bg5 24. Qg3 f5 25. Re1 Bd2 26. Rd1 f4 27. Qf2 Bxc3 28. Bxc3 Qg4 29. Qd4 Rbe8 30. Re1 Rf6 31. h3 Qg5 32. Kh2 Rg6 33. Re2 Rxe4 34. Qf2 Rxe2 35. Qxe2 Bxf3 0-1

[Event "Medellin Region U2000"]
[Site "Medellin"]
[Date "2012.03.13"]
[Round "2.8"]
[White "Zapata Jaramillo, William"]
[Black "Uribe Valencia, Victor Alexis"]
[Result "1-0"]
[WhiteElo "1874"]
[BlackElo "1520"]
[PlyCount "61"]
[EventDate "2012.03.12"]
[EventType "swiss"]
[EventRounds "6"]
[EventCountry "COL"]
[SourceTitle "EXT 2024"]
[Source "ChessBase"]
[SourceDate "2023.10.10"]
[SourceVersion "1"]
[SourceVersionDate "2023.10.10"]
[SourceQuality "1"]

1. e4 c5 2. Nf3 Nc6 3. Nc3 d6 4. Be2 Nf6 5. d4 cxd4 6. Nxd4 e5 7. Nf3 Be7 8. Bg5 Be6 9. Qd2 Qa5 10. 0-0 h6 11. Bxf6 gxf6 12. a3 f5 13. b4 Qd8 14. Bd3 fxe4 15. Bxe4 Qd7 16. Bd5 0-0-0 17. b5 Na5 18. a4 Nc4 19. Qe2 Nb6 20. Rfd1 Bxd5 21. Nxd5 Nxd5 22. Rxd5 Rdg8 23. Nxe5 Qe6 24. Qc4+ Kb8 25. Nf3 Rc8 26. Qd3 Qg6 27. Re1 Bf8 28. g3 Rxc2 29. Re8+ Rc8 30. Rxc8+ Kxc8 31. Qc3+ 1-0

[Event "Medellin Cuartas Memorial"]
[Site "Medellin"]
[Date "2011.08.05"]
[Round "4"]
[White "Rendon, Daniel"]
[Black "Zapata Jaramillo, William"]
[Result "1-0"]
[WhiteElo "2088"]
[BlackElo "1854"]
[PlyCount "45"]
[EventDate "2011.08.03"]
[EventType "swiss"]
[EventRounds "8"]
[EventCountry "COL"]
[SourceTitle "CBM 144 Extra"]
[Source "ChessBase"]
[SourceDate "2011.10.28"]
[SourceVersion "1"]
[SourceVersionDate "2011.10.28"]
[SourceQuality "1"]

1. e4 c5 2. Nf3 e6 3. c4 a6 4. Nc3 Nc6 5. Be2 Nf6 6. 0-0 Be7 7. d4 cxd4 8. Nxd4 Qc7 9. Be3 d6 10. Rc1 Bd7 11. f4 0-0 12. Bf3 Rac8 13. g4 Na5 14. b3 Nc6 15. g5 Ne8 16. Bg4 Nxd4 17. Qxd4 Bc6 18. Qd2 Rd8 19. f5 Bd7 20. Bd4 Qc8 21. f6 Bxf6 22. gxf6 g6 23. Qh6 1-0

[Event "Medellin Depart Primera Mayor 2000"]
[Site "Medellin"]
[Date "2011.05.07"]
[Round "5.1"]
[White "Blandon, Luis Guillermo"]
[Black "Zapata Jaramillo, William"]
[Result "1-0"]
[WhiteElo "1990"]
[BlackElo "1854"]
[PlyCount "71"]
[EventDate "2011.05.04"]
[EventType "swiss"]
[EventRounds "7"]
[EventCountry "COL"]
[SourceTitle "EXT 2024"]
[Source "ChessBase"]
[SourceDate "2023.10.10"]
[SourceVersion "1"]
[SourceVersionDate "2023.10.10"]
[SourceQuality "1"]

1. e4 c5 2. Nf3 e6 3. d4 cxd4 4. Nxd4 a6 5. Nc3 Qc7 6. Bd3 Nc6 7. Nxc6 dxc6 8. 0-0 e5 9. Kh1 Bd6 10. Ne2 Bg4 11. Be3 Nf6 12. Qd2 Rd8 13. f3 Be6 14. Qe1 h6 15. f4 Ng4 16. Bd2 c5 17. f5 Bd7 18. Bc4 Bc6 19. Nc3 Nf6 20. a4 Be7 21. Qe2 Rd4 22. Be3 Rd7 23. Bf2 0-0 24. Rad1 Rfd8 25. Rxd7 Rxd7 26. b3 Qd8 27. Bd3 Kf8 28. g4 Qa5 29. Be1 Qd8 30. h4 Rd4 31. Bf2 Rb4 32. Rg1 Ne8 33. g5 hxg5 34. hxg5 Bxg5 35. Qh5 f6 36. Bxc5+ 1-0